000
00274nam a2200109Ia 4500
008
230907s9999||||xx |||||||||||||| ||und||
082
_a
500.2
_b
INT
100
_a
Shipman, John T.
_9
116036
245
3
_a
An introduction to physical science /
300
_a
730 p.
942
_c
BK
999
_c
600870
_d
600870